| 000 | 00716cam a22002413a 4500 | ||
|---|---|---|---|
| 001 | 9475 | ||
| 003 | PGUSA | ||
| 005 | 20140828083212.0 | ||
| 008 | 051201s2005||||xxu|||||s|||||000 1 eng d | ||
| 040 |
_aPGUSA _beng |
||
| 042 | _adc | ||
| 050 | 4 | _aPR | |
| 100 | 1 |
_aBraddon, M. E. _q(Mary Elizabeth), _d1835-1915 |
|
| 245 | 1 | 4 |
_aThe Lovels of Arden _h[electronic resource] / _cM. E. Braddon |
| 260 |
_bProject Gutenberg, _c2005 |
||
| 506 | _aPublic domain in the USA. | ||
| 516 | _aElectronic text | ||
| 653 | _aMan-woman relationships -- Fiction | ||
| 653 | _aEngland -- Social life and customs -- Fiction | ||
| 830 | 0 |
_aProject Gutenberg _v9475 |
|
| 856 | 4 | 0 | _uhttp://www.gutenberg.org/ebooks/9475 |
| 942 | _cEB | ||
| 999 |
_c238731 _d238731 |
||